Военна тайна (Запис номер 144818)
[ съкратено ]
| 000 -Лидер | |
|---|---|
| Контролно поле с фиксирана дължина | 01872nam a2200373 a 4500 |
| 003 - Код на организацията, давaща контролен номер | |
| Контролно поле | BLK |
| 005 - Дата и час на последна редакция | |
| Контролно поле | 20250330004146.0 |
| 008 - Елементи от данни с фиксирана дължина | |
| fixed length control field | 180410b bul|||||r ||||||| ||bul|| |
| 010 ## - Наследен системен номер | |
| LC control number | KNG00150978000 |
| 040 ## - Източник на каталожния запис | |
| Идентификатор на билиотеката - собственик на записа | BLK |
| 041 ## - Код за език | |
| Код за езика на текст/звукозапис или на отделно заглавие | Български |
| Код за езика КДБФ | Български |
| 080 ## - УДК | |
| Текстов определител УДК | Руска литература |
| УДК код - определител по УДК | 821.161.1 |
| УДК определител | -93-32 |
| УДК - код + определител | 821.161.1-93-32 |
| 100 1# - Редна дума - Автор | |
| Автор | Гайдар, Аркадий |
| Авторска отговорност | първи автор |
| Автор - информация (биография) | Голиков, Аркадий Петрович |
| R(LIN) | 283011 |
| 139 ## - Редно поле | |
| Редна дума | Гайдар, Аркадий |
| Авторски знак | Гаи - Г 16 |
| 245 10 - Сведения за заглавието | |
| Заглавие | Военна тайна |
| Подзаглавни данни | Повест : За нач. и средна уч. възраст |
| Редно поле (дума) | Аркадий Гайдар; прев. от рус. Атанас Христов Далчев; худож. Владимир Коренев; * Аркадий Петрович Голиков. |
| 250 ## - Област на изданието | |
| Сведения за изданието | 2. изд. |
| 257 ## - Страна на издаване | |
| Страна на създаване/издаване | СССР |
| 260 ## - Област на издателските данни | |
| Място на издаване, разпространение и проч. | София |
| Име на издателя, разпространителя и проч. | Нар. младеж |
| Година на издаване | 1963 |
| 300 ## - Физическа характеристика | |
| Страници | 120 с. |
| Илюстрации и др. | с ил. |
| Размери/Мащаб | 20 см |
| 380 ## - Жанр | |
| Жанр | Детска худож. лит. |
| 500 ## - Общи забележки | |
| Забележка | 1. изд. 1950. - 30 100 тир. - Истинското име на авт. е Аркадий Петрович Голиков. |
| 653 ## - Ключова дума – ненормативна | |
| Ключова дума | детска литература |
| 653 ## - Ключова дума – ненормативна | |
| Ключова дума | литература за деца |
| 700 ## - Други автори (авторска отговорност) | |
| Лично име | Далчев, Атанас Христов |
| Дати, свързани с автора | 1904-1978 |
| Друга информация | Поет. Преводач от английски, френски, немски, испански, руски, гръцки и унгарски език. |
| 9 (RLIN) | 363753 |
| 700 1# - Други автори (авторска отговорност) | |
| Лично име | Коренев, Владимир |
| Автороска отговорност (Описва отношението между автора и произведението) | худож. |
| 9 (RLIN) | 365106 |
| 700 1# - Други автори (авторска отговорност) | |
| Лично име | Голиков, Аркадий Петрович |
| Автороска отговорност (Описва отношението между автора и произведението) | * |
| 9 (RLIN) | 328453 |
| 852 ## - Местоположение | |
| Форматна сигнатура | Цб 262572 |
| 856 4# - Електронен адрес и достъп | |
| Електронен формат | pdf - файл |
| Инструкция (цена за достъп) | 0.26 |
| Права за достъп | disable |
| 856 4# - Електронен адрес и достъп | |
| Електронен формат | pdf - файл |
| Инструкция (цена за достъп) | 0.26 |
| Права за достъп | disable |
| 999 ## - СИСТЕМНИ КОНТРОЛНИ НОМЕРА | |
| Koha biblionumber | 144818 |
| Koha biblioitemnumber | 144818 |
| 942 ## - АРТИКУЛИ | |
| Вид на библиотечния материал | Книги |
| Скрит в OPAC | Не |
| Периодичен библиозапис | Да |
| 944 ## - СЪЗДАВАНЕ И РЕДАКЦИЯ на ЗАПИСА | |
| Създаване/Редакция | Създаване |
| Дата на регистрацията/редакция | 28.09.2013 |
| Статус, дата на статуса | CRON CRON |
| Служител, извършил регистрацията/редакцията | |
| 944 ## - СЪЗДАВАНЕ И РЕДАКЦИЯ на ЗАПИСА | |
| Създаване/Редакция | Редакция |
| Дата на регистрацията/редакция | 24.02.2015 |
| Статус, дата на статуса | 28.09.2013 - от С1,Р / 28.09.2013 |
| Служител, извършил регистрацията/редакцията | Теодора_Стоянова |
| 999 ## - СИСТЕМНИ КОНТРОЛНИ НОМЕРА | |
| Koha biblioitemnumber | 144818 |
| Код за отписване | Код за изгубен артикул | Източник на класификационната схема | Код за повреда | Коз за рестрикции | Код за отдаване | Артикулен № | Име на библиотеката - собственик | Име на библиотеката, в която се намира в момента | Статус (Текущо местоположение) | Дата на вписване в системата | Местоположение - отдел | Цена в лева | Инвентарен номер | Систематично азбучна сигнатура | Баркод | Номер на екземпляра | Цена в евро | Служебна бележка | Служебен тип на артикула |
|---|---|---|---|---|---|---|---|---|---|---|---|---|---|---|---|---|---|---|---|
| Не е изгубен | Universal Decimal Classification | Не е повреден | без рестрикции | ползва се в читалня | 240445 | Регионална библиотека "Любен Каравелов" Русе | Регионална библиотека "Любен Каравелов" Русе | Хранилище | 1963-01-01 | Хранилище | 0.26 | 2135/63 | Цб 262572 | 900000104684 | 1 | 0.13 | N: стар фонд Дата: 01.01.1963 | Книги |